000
00309nam a2200133Ia 4500
008
190216s9999||||xx |||||||||||||| ||und||
100
_a
Gopalakrishnan. Ka
245
0
_a
Basic Chemistry
250
_a
1st Ed.
260
_b
Teachers Publication
300
_a
242
650
_a
Chemistry-Chemistry
942
_c
BK
999
_c
2748
_d
2748